Francisco I. Madero / (Record no. 25273)

MARC details
000 -CABECERA
campo de control de longitud fija 00853nam a2200217 a 4500
005 - FECHA Y HORA DE LA ÚLTIMA TRANSACCIÓN
campo de control 20210223121858.0
008 - ELEMENTOS DE LONGITUD FIJA--INFORMACIÓN GENERAL
campo de control de longitud fija 991125s1985 mx 000 0 spa u
035 ## - NÚMERO DE CONTROL DEL SISTEMA
Número de control de sistema UPN01000025273
049 ## - COLECCIÓN
Colección F
050 #4 - SIGNATURA TOPOGRÁFICA DE LA BIBLIOTECA DEL CONGRESO
Número de clasificación F1203
Número de documento/Ítem C8 no.51
245 00 - MENCIÓN DE TÍTULO
Título Francisco I. Madero /
Mención de responsabilidad, etc. colab. Nicolás Cárdenas García.
260 ## - PUBLICACIÓN, DISTRIBUCIÓN, ETC.
Lugar de publicación, distribución, etc. México :
Nombre del editor, distribuidor, etc. INEHRM,
Fecha de publicación, distribución, etc. 1985.
300 ## - DESCRIPCIÓN FÍSICA
Extensión 111 p. :
Otras características físicas il.
440 #0 - MENCIÓN DE SERIE/ASIENTO SECUNDARIO--TÍTULO
Título Serie de cuadernos conmemorativos ;
Designación de volumen o secuencia 51
500 ## - NOTA GENERAL
Nota general "Comisión Nacional para las celebraciones del 175 aniversario de la Independencia Nacional y 75 aniversario de la Revolución Mexicana"
600 14 - ASIENTO SECUNDARIO DE MATERIA - NOMBRE PERSONAL
Nombre de persona MADERO, FRANCISCO IGNACIO,
Fechas asociadas al nombre 1873-1913
651 #4 - ASIENTO SECUNDARIO DE MATERIA - NOMBRE GEOGRAFICO
Nombre geográfico MEXICO -
Subdivisión general HISTORIA -
Subdivisión cronológica REGIMEN MADERISTA, 1911-1913
9 (RLIN) 17709
651 #4 - ASIENTO SECUNDARIO DE MATERIA - NOMBRE GEOGRAFICO
Nombre geográfico MEXICO -
Subdivisión general HISTORIA -
Subdivisión cronológica REVOLUCION MADERISTA, 1910-1911
9 (RLIN) 17706
700 1# - ASIENTO SECUNDARIO--NOMBRE DE PERSONAL
Nombre de persona Cárdenas García, Nicolás,
Término indicativo de función/relación colab.
905 ## - TIPO DE MATERIAL
Tipo de material Libro
Holdings
Estado de retiro Estado de pérdida Fuente del sistema de clasificación o colocación Estado dañado No para préstamo Código de colección Localización permanente Ubicación/localización actual Ubicación en estantería Fecha de adquisición Clasificación Código de barras Fecha visto por última vez Número de copia Tipo de ítem Koha
    Library of Congress Classification   Disponible (Préstamo en sala) Folletería Bib. Gregorio Torres Quintero Bib. Gregorio Torres Quintero Colecciones especiales Planta alta 03/05/2023 F1203 C8 no.51 142994 31/12/2020 1 Folleto